MARC

LEADER 00000nas a2200000 i 4500
001 ssj0000884155
003 WaSeSS
005 20200512172242.0
006 m d
007 cr n
008 111020c20139999enkar s 0 a0eng
010 |a  2011203665 
015 |a GBB631449  |2 bnb 
016 7 |a 101624393  |2 DNLM 
016 7 |a 017110944  |2 Uk 
022 |a 2164-2850 
035 |a (WaSeSS)ssj0000884155 
037 |b Taylor & Francis Group, 4 Park Square, Milton Park, Abingdon, Oxfordshire, OX14, 4RN, UK 
040 |a DLC  |b eng  |e pn  |c DLC  |d OCLCQ  |d DOS  |d OCLCF  |d NLM  |d CUD  |d LND  |d OCLCO  |d DLC  |d OCLCO  |d CUS  |d OCLCQ  |d OCLCO  |d OCLCA  |d DLC  |d UKMGB  |d OCLCA  |d WaSeSS 
042 |a pcc  |a nsdp 
050 0 0 |a R726.7 
060 1 0 |a W1 
082 0 0 |a 616  |2 23 
210 0 |a Health psychol. behav. med. 
210 1 0 |a Health Psychol Behav Med  |2 dnlm 
222 0 |a Health psychology and behavioral medicine 
245 0 0 |a Health psychology and behavioral medicine  |h [electronic resource]. 
246 1 |a Health psychology & behavioral medicine 
246 1 |a HPBM 
260 |a [London] :  |b Taylor & Francis Group,  |c 2013- 
310 |a Annual 
362 1 |a Began with Volume 1, issue 1 (2013). 
506 |a License restrictions may limit access. 
588 |a Description based on: Volume 1, issue 1 (2013); title from PDF caption (publisher website, viewed July 5, 2013). 
588 |a Latest issue consulted: Volume 6, issue 1 (2018) (Taylor & Francis Online, viewed Sept. 8, 2018). 
650 0 |a Clinical health psychology  |v Periodicals. 
650 0 |a Medicine and psychology  |v Periodicals. 
650 7 |a Clinical health psychology.  |2 fast  |0 (OCoLC)fst00864355 
650 7 |a Medicine and psychology.  |2 fast  |0 (OCoLC)fst01015154 
650 1 2 |a Behavioral Medicine. 
650 1 2 |a Psychology, Clinical. 
655 0 |a Electronic journals. 
710 2 |a Taylor & Francis. 
850 |a DLC 
856 4 0 |z Full text available from Research Library: 01/01/2013 to 12/31/2017  |u https://search.proquest.com/publication/3933310